Simpson's forensic medicine (Registro nro. 324622)

Detalles MARC
000 -ENCABEZADO
Número de control [NR] 01907nam a22002417a 4500
005 - FECHA Y HORA DE LA ÚLTIMA TRANSACCIÓN
control field 20240830083644.0
008 - DE LONGITUD FIJA DE DATOS DE ELEMENTOS - INFORMACIÓN GENERAL
Elementos de longitud fija [NR] 240830b ||||| |||| 00| 0 eng d
020 ## - NUMERO INTERNACIONAL NORMALIZADO PARA LIBROS [R]
Número Internacional Normalizado del libro [NR] 9781498704298
020 ## - NUMERO INTERNACIONAL NORMALIZADO PARA LIBROS [R]
Número Internacional Normalizado del libro [NR] 9780367333195
040 ## - FUENTE DE CATALOGACION [NR]
Agencia de catalogación original [NR] CO-BoUCM
Quien Cataloga David Moreno
Quien Clasifica David Moreno
041 ## - CODIGO DE IDIOMA [R]
Código de idioma para texto/pista de sonido o título separado [R] Inglés
060 ## - SIGNATURA TOPOGRAFICA DE LA BIBLIOTECA NACIONAL DE MEDICINA (NLM) [R]
Número clasificador [R] W 700
245 00 - MENCION DE TITULO [NR]
Título [NR] Simpson's forensic medicine
Mención de responsabilidad, etc. [NR] James Jason Payne and Richard Shepherd
260 ## - PUBLICACION, DISTRIBUCION, ETC. (PIE DE IMPRENTA) [R]
Lugar de publicación, distribución, etc. [R] London, Reino unido
Nombre del editor, distribuidor, etc. [R] Hodder Arnold,
Fecha de publicación, distribución, etc. [R] 2011
300 ## - DESCRIPCION FISICA [R]
Extensión [R] x, 343 Paginas
Otros detalles físicos [NR] ilustraciones
505 ## - NOTA DE CONTENIDO CON FORMATO PREESTABLECIDO [R]
Mención de responsabilidad [R] Front Cover; Contents; About the authors; Foreword; Preface; Acknowledgements and authors' note; List of picture credits; 1. Principles of forensic practice; 2. The ethics of medical practice; 3. The medical aspects of death; 4. Identification of the living and the dead; 5. The appearance of the body after death; 6. Unexpected and sudden death from natural causes; 7. Deaths and injury in infancy; 8. Assessment, classification and documentation of injury; 9. Regional injuries; 10. Ballistic injuries; 11. Use of force and restraint; 12. Sexual assault; 13. Child assault and protection 14. Transportation medicine15. Asphyxia; 16. Immersion and drowning; 17. Heat, cold and electrical trauma; 18. Principles of toxicology; 19. Alcohol; 20. Licit and illicit drugs; 21. Medicinal poisons; 22. Miscellaneous poisons; 23. Principles of forensic science; 24. Allied forensic specialties; Appendix 1: Guidelines for an autopsy and exhumation; Appendix 2: Widmark's formula; Appendix 3: Diagnosing poisoning - Carbon monoxide. Health Protection Agency guidelines
650 14 - ASIENTO SECUNDARIO DE MATERIA - TERMINO TEMATICO [R]
Término temático o nombre geográfico como elemento de entrada [NR] Jurisprudencia médica
Subdivisión geográfica [R] Gran Bretaña
9 (RLIN) 182403
650 14 - ASIENTO SECUNDARIO DE MATERIA - TERMINO TEMATICO [R]
Término temático o nombre geográfico como elemento de entrada [NR] Peritación médica
Subdivisión general [R] Casos judiciales
9 (RLIN) 182404
650 14 - ASIENTO SECUNDARIO DE MATERIA - TERMINO TEMATICO [R]
Término temático o nombre geográfico como elemento de entrada [NR] Medicina forense
Subdivisión general [R] Examen médico-legal
9 (RLIN) 182405
700 1# - ASIENTO SECUNDARIO - NOMBRE PERSONAL [R]
Nombre personal [NR] Payne-James, Jason
Término de relación [R] editor
9 (RLIN) 182406
700 1# - ASIENTO SECUNDARIO - NOMBRE PERSONAL [R]
Nombre personal [NR] Shepherd, Richard
Término de relación [R] editor
9 (RLIN) 182407
942 ## - ELEMENTOS DE ENTRADA AGREGADOS (KOHA)
Sistema de clasificación NLM
Tema principal Derecho
Tipo de ítem principal el descrito en 300a Libro
Edición 1
Clasificación W 700
Parte restante de la signatura top. P346s
Título oculto en OPAC No
Existencias
Signatura topográfica Código de barras Última vez visto Ejemplar Price effective from Tipo de ítem Nota pública (OPAC) Perdido Sistema de clasificación Dañado No prestable Tipo de ítem específico Suprimido Ubicación habitual Ubicación actual Localización Fecha de creación Forma de adquisición Costo
W 700 P346s 100173038 04/12/2025 Ej.1 30/08/2024 Libro Spot Criminología e Investigación Criminal   NLM     Libro   Claustro Claustro 3er piso 30/08/2024 Compra 96712.00